000 02040nam a2200421 c 4500
003 BLK
005 20240212161144.0
008 180411b bul|||||r ||||||| ||bul||
010 _aKNG00184887000
020 _a978-954-608-224-4
_bиздат.: Труд и право
040 _aBLK
041 _aBUL
_cBUL
072 7 _2bullib
_aН30
_xОбществени науки Н
080 _aПатентно право и право на запазена (търг.) марка. Регистрация на промишлени образци, проекти, наименования на фирми. Индустриална собственост (промишлена, научна)
_b347.77
_x
_z347.77
080 _aИнтернет. Изчислителни системи. Мултиизчислителни комплекси и многомашинни мрежи
_b004.738.5
_x.000.34
_z004.738.5.000.34
100 1 _aКостов, Атанас
_eпърви автор
_9375366
139 _aКостов, Атанас
_bК 86
245 1 0 _aТърговските марки и авторските права в интернет пространството
_cАтанас Костов.
257 _aBGR
260 София
_bТруд и право
_c2015
_fСофия : Д. Благоев
300 _a248 с.
_c22 см
380 _a3
500 _aСъдържа и за авт.
650 4 _aАвторско право
_9241576
650 4 _aТърговски марки - правни въпроси
_9280646
650 4 _aИнтернет - правни въпроси
_9313004
653 _aавторско право
653 _aтърговски марки
653 _aИнтернет
653 _aправни проблеми
659 _aН
852 _aЦб 278171
856 4 _qpdf
_u
856 4 _qpdf
_u
942 _cKNG
_n0
_01
944 _aCR
_c16.11.2015
_lГалина Якимова
_k30564
944 _aED
_c03.11.2016
_lф /
_kЛюдмила_Стоянова
999 _c176282
_d176282